01477cam a2200349 a 450000100090000000300040000900500170001300800410003001000170007102000150008804000180010305000200012108200260014110000220016724501040018925000120029326000460030530000280035144000320037949000560041150400640046765000280053170000210055983000580058085601060063885600910074485600920083590600450092794200120097299900190098495201240100312807026OSt20180116183051.0020531s2003 cau b 001 0 eng  a 2002107738 a0534561632 aDLCcDLCdDLC00aP90b.B285 200300a302.2301 BAR 20032221 aBaran, Stanley J.10aMass communication theory :bfoundations, ferment, and future /cStanley J. Baran, Dennis K. Davis. a3rd ed. aBelmont, CA :bThomson/Wadsworth,cc2003. axviii, 406 p. ;c24 cm. aMass communication theory :1 aWadsworth series in mass communication & journalism aIncludes bibliographical references (p. 383-398) and index. 0aMass mediaxPhilosophy.1 aDavis, Dennis K. 0aWadsworth series in mass communication and journalism423Contributor biographical informationuhttp://www.loc.gov/catdir/enhancements/fy1515/2002107738-b.html423Publisher descriptionuhttp://www.loc.gov/catdir/enhancements/fy1515/2002107738-d.html413Table of contents onlyuhttp://www.loc.gov/catdir/enhancements/fy1515/2002107738-t.html a7bcbccorignewd3eepcnf20gy-gencatlg 2ddccBK c351627d351627 00102ddc40708NFICaCLbCLcGENd2016-08-12l2o302.2301 BAR 2003pNBSD-2689r2022-01-12s2021-12-14w2016-08-12yBK